000
00334nam a22001457a 4500
020
_a
-
082
_a
297.63 AHM
100
_a
Ahmed Raza Khan Barelwi
245
_a
Hadaiq-e-Bakhshish (Urdu)
260
_a
Lahore
_b
Akbar Book Sallers
_c
2004
300
_a
126 p.
500
_a
Includes index
650
_a
Hadees and Naat
942
_c
BK
999
_c
13119
_d
13119